| 000 | 01331cam a2200373 a 4500 | ||
|---|---|---|---|
| 003 | CO-BoRNBP | ||
| 005 | 20230427144324.0 | ||
| 007 | ta | ||
| 008 | 040324s2003 ck a r 00010 spa d | ||
| 020 | _a958815605X | ||
| 040 |
_aCO-BoRNBP _bspa _erda _cCO-BoRNBP |
||
| 041 | 0 | _aspa | |
| 043 | _as-ck--- | ||
| 082 | 0 | 4 |
_aR 721.8 _bV34g |
| 100 | 1 | 0 |
_aVillegas, Marcelo _91521 |
| 245 | 1 | 0 |
_aGuadua _barquitectura y diseño _cMarcelo Villegas ; textos de Ximena Londoño ... [et al.] ; coordinación Liliana Villegas ; fotografías Simón Vélez ; Edición Benjamín Villegas |
| 250 | _a1a. ed. | ||
| 264 |
_aBogotá _bVillegas Editores _c2003 |
||
| 300 |
_a206 páginas _bilustraciones _c30 cm. |
||
| 336 |
_atexto _btxt _2rdacontent |
||
| 337 |
_asin mediación _bn _2rdamedia |
||
| 338 |
_avolumen _bnc _2rdacarrier |
||
| 500 | _aDonación Villegas Editores | ||
| 504 | _aIncluye bibliografía | ||
| 650 | 1 | 4 |
_aGuadua _zColombia _2LEMB _91522 |
| 650 | 1 | 4 |
_aBambú en la construcción _2LEMB _91523 |
| 650 | 1 | 4 |
_aGuadua _x Aplicaciones industriales _2LEMB _91524 |
| 650 | 1 | 4 |
_aGuadua en la arquitectura _2LEMB _91525 |
| 700 | 1 | 0 |
_aLondoño, Ximena. _91526 |
| 700 | 1 | 0 |
_aVillegas, Liliana _d1951- _9616 |
| 700 | 1 | 0 |
_aVélez, Simón _efotógrafo _91527 |
| 700 | 1 | 0 |
_aVillegas, Benjamín _d1948- _eeditor _9597 |
| 942 |
_2ddc _cREF |
||
| 999 |
_c9439 _d9439 |
||